Meyerbeer (Record no. 170498)

MARC details
000 -LEADER
campo de control de longitud fija 00738nam a2200205 i 4500
001 - NÚMERO DE CONTROL
campo de control 170498
003 - IDENTIFICADOR DE NÚMERO DE CONTROL
campo de control ES-MaACL
005 - FECHA Y HORA DE LA ÚLTIMA TRANSACCIÓN
campo de control 20230906214404.0
008 - DATOS DE LONGITUD FIJA--INFORMACIÓN GENERAL
campo de control de longitud fija 090310s1911 fr |||| | fre d
080 ## - NÚMERO DE LA CLASIFICACIÓN DECIMAL UNIVERSAL
Número de la Clasificación Decimal Universal 929 Meyerbeer
100 1# - ENTRADA PRINCIPAL--NOMBRE DE PERSONA
Nombre de persona Curzon, Henri de.
9 (RLIN) 42258
245 10 - MENCIÓN DEL TÍTULO
Título Meyerbeer
Resto del título : biographie critique, illustrée de douze reproductions hors texte /
Mención de responsabilidad, etc. par Henri de Curzon.
260 ## - PUBLICACIÓN, DISTRIBUCIÓN, ETC.
Lugar de publicación, distribución, etc. Paris :
Nombre del editor, distribuidor, etc. Henri Laurens,
Fecha de publicación, distribución, etc. [1911] (
Fabricante Ch. Hérissey)
300 ## - DESCRIPCIÓN FÍSICA
Extensión 126, [2] p. :
Otras características físicas il. ;
Dimensiones 21 cm.
490 1# - MENCIÓN DE SERIE
Mención de serie Les musiciens célèbres
600 14 - PUNTO DE ACCESO ADICIONAL DE MATERIA--NOMBRE DE PERSONA
Nombre de persona Meyerbeer, Giacomo.
9 (RLIN) 80809
830 0# - PUNTO DE ACCESO ADICIONAL DE SERIE-TÍTULO UNIFORME
Título uniforme Les musiciens célèbres
9 (RLIN) 184866
852 4# - LOCALIZACIÓN
Ubicación ES-MaACL
Número de control de estantería E-12503
itemnumber R.140116
Nota libre . - Biblioteca Jacinto Martínez Lacalle
Holdings
Estatus retirado Estado de pérdida Estado de daño No para préstamo Biblioteca de origen Biblioteca actual Ubicación en estantería Fecha de adquisición Fuente de adquisición Total de préstamos Signatura topográfica completa Código de barras Visto por última vez Precio de reemplazo Tipo de ítem Koha
        Biblioteca del Ateneo de Madrid Biblioteca del Ateneo de Madrid Depósito 2 10/03/2009     E-12503 1178940 23/02/2023 23/02/2023 Libro impreso